000
00289nam a2200109 a 4500
005
20201002044921.0
008
140403s1971 000 spa d
100
_a
Espronceda
_9
71505
245
3
_a
El estudiante de salamanca.
260
_a
Madrid -- Libra,
_c
1971 -- 180 p.
999
_c
43170
_d
43170
040
_a
DO-SdBNP